Использование жидких продуктов пиролиза углеводородного сырья в синтезе нефтеполимерных смол; Успехи современного естествознания; № 1, ч. 7

מידע ביבליוגרפי
Parent link:Успехи современного естествознания: научный журнал.— , 2001-
№ 1, ч. 7.— 2015.— [С. 1130-1133]
מחבר ראשי: Бондалетов В. Г. Владимир Григорьевич
מחבר תאגידי: Национальный исследовательский Томский политехнический университет Институт природных ресурсов Кафедра технологии органических веществ и полимерных материалов
מחברים אחרים: Бондалетова Л. И. Людмила Ивановна, Тхань Нгуен Ван
סיכום:Заглавие с экрана
Полимеризацией непредельных соединений фракций жидких продуктов пиролиза получены нефтеполимерные смолы с различным строением полимерной цепи, физико-химическими свойствами и техническими свойствами покрытий. Окисление смол надуксусной кислотой и полимеризация фракций, модифицированных бутилметакрилатом, позволяют ввести в структуру макромолекул полярные функциональные группы и улучшить адгезионные и прочностные свойства лакокрасочных покрытий на их основе.
Petroleum resins with different polymeric chain structure, physicochemical properties and the technical properties of the coatings were prepared by polymerization of unsaturated compounds оf liquid pyrolysis products fractions (by-products). Oxidation of the resins by peracetic acid and polymerization of the modified butyl methacrylate fractions possible to introduce into the structure of macromolecules polar functional groups and to improve adhesion and mechanical properties of coatings based on the resins.
Режим доступа: по договору с организацией-держателем ресурса
שפה:רוסית
יצא לאור: 2015
נושאים:
גישה מקוונת:http://www.natural-sciences.ru/ru/article/view?id=35022
http://elibrary.ru/item.asp?id=23608602
פורמט: אלקטרוני Book Chapter
KOHA link:https://koha.lib.tpu.ru/cgi-bin/koha/opac-detail.pl?biblionumber=649137

MARC

LEADER 00000naa0a2200000 4500
001 649137
005 20260105162019.0
035 |a (RuTPU)RU\TPU\network\14298 
035 |a RU\TPU\network\4643 
090 |a 649137 
100 |a 20160622d2015 k||y0rusy50 ca 
101 0 |a rus 
102 |a RU 
135 |a drcn ---uucaa 
181 0 |a i  
182 0 |a b 
200 1 |a Использование жидких продуктов пиролиза углеводородного сырья в синтезе нефтеполимерных смол  |d Using of liquid pyrolysis products of hydrocarbons in petroleum resins synthesis  |f В. Г. Бондалетов, Л. И. Бондалетова, Тхань Нгуен Ван 
203 |a Текст  |c электронный 
300 |a Заглавие с экрана 
320 |a [Библиогр.: с. 1133 (9 назв.)] 
330 |a Полимеризацией непредельных соединений фракций жидких продуктов пиролиза получены нефтеполимерные смолы с различным строением полимерной цепи, физико-химическими свойствами и техническими свойствами покрытий. Окисление смол надуксусной кислотой и полимеризация фракций, модифицированных бутилметакрилатом, позволяют ввести в структуру макромолекул полярные функциональные группы и улучшить адгезионные и прочностные свойства лакокрасочных покрытий на их основе. 
330 |a Petroleum resins with different polymeric chain structure, physicochemical properties and the technical properties of the coatings were prepared by polymerization of unsaturated compounds оf liquid pyrolysis products fractions (by-products). Oxidation of the resins by peracetic acid and polymerization of the modified butyl methacrylate fractions possible to introduce into the structure of macromolecules polar functional groups and to improve adhesion and mechanical properties of coatings based on the resins. 
333 |a Режим доступа: по договору с организацией-держателем ресурса 
461 |t Успехи современного естествознания  |o научный журнал  |d 2001- 
463 |t № 1, ч. 7  |v [С. 1130-1133]  |d 2015 
510 1 |a Using of liquid pyrolysis products of hydrocarbons in petroleum resins synthesis  |z eng 
610 1 |a электронный ресурс 
610 1 |a труды учёных ТПУ 
610 1 |a университеты 
610 1 |a углеводороды 
610 1 |a сырье 
610 1 |a пиролиз 
610 1 |a нефтеполимерные смолы 
610 1 |a синтез 
610 1 |a жидкие продукты 
700 1 |a Бондалетов  |b В. Г.  |c химик-технолог  |c профессор Томского политехнического университета, доктор технических наук  |f 1957-  |g Владимир Григорьевич  |3 (RuTPU)RU\TPU\pers\25605  |9 11534 
701 1 |a Бондалетова  |b Л. И.  |c химик-технолог  |c доцент Томского политехнического университета, кандидат химических наук  |f 1956-  |g Людмила Ивановна  |3 (RuTPU)RU\TPU\pers\25852  |9 11721 
701 1 |a Тхань Нгуен Ван 
712 0 2 |a Национальный исследовательский Томский политехнический университет  |b Институт природных ресурсов  |b Кафедра технологии органических веществ и полимерных материалов  |3 (RuTPU)RU\TPU\col\18659  |9 27112 
801 2 |a RU  |b 63413507  |c 20160622  |g RCR 
856 4 |u http://www.natural-sciences.ru/ru/article/view?id=35022 
856 4 |u http://elibrary.ru/item.asp?id=23608602 
942 |c CF